000 00776nam a2200205Ia 4500
001 15854
003 GE_BSU
008 181216s||||||||xx |||||||||||||| ||und||
040 _cGE_BSU
080 _a821.353.1-31
100 _aმოსე ხონელი
245 _aამირანდარეჯანიანი
245 _cგამოსაც. მოამზადა ლ. ათანელიშვილმა. რედ.ილ.აბულაძე. მ.ებრალიძე. მხ. ნ. მალაზონია
260 _aთბილისი
260 _bმერანი
260 _c1969
300 _eლექსიკონი: გვ. 177-192
653 _aამირანდარეჯანიანი
942 _cBK
999 _c48951
_d48951